00374nam a2200109 a 450000100100000000500170001000800410002704000250006824500840009326000670017730000200024400003166220200930063103.0110629s1986 dr 000 0 spa d aDO-SdBNPbspacBNPHU00aRetiro sobre la pasión, muerte y resurrección de cristo (misterio pascual). aLa Vega, República Dominicana :bObispado de La Vega,c1986. a19 p. :b22 cm.